| 000 | 00416nam a2200133Ia 4500 | ||
|---|---|---|---|
| 008 | 220217s9999||||xx |||||||||||||| ||und|| | ||
| 020 | _a81-7867-117-4 | ||
| 082 | _a621.382 7 RAM | ||
| 100 |
_aRamaswami, Rajiv Sivarajan, Kumar, N _93512 |
||
| 245 | 0 | _aOptical networks: a practical perspective | |
| 260 |
_aHarcourt india privet Ltd. _bSan Francisco _c2002 |
||
| 300 | _b375 | ||
| 650 | _aOPTICAL COMMUNICATION | ||
| 999 |
_c172088 _d172088 |
||